000 00591nam a2200205Ia 4500
005 20250923145959.0
008 008 250917s9999 xx 000 0 eng d
037 _aTextual
040 _aDSWL
_beng
_cDSWL
041 _aeng
_2eng
084 _aL:42360aY15, N96
_qDSWL
100 _aSherr, L.
_9840965
245 0 _aAIDS as a Gender Issue : Psychosocial Perspectives
_cEd. by L. Sherr
260 _aLondon
_bTaylor & Francis
_c1998
300 _aviii,283 p.
365 _aGBP
_b39
925 _g39
942 _cTEXL
_hL:42360aY15, N96
999 _c1458104
_d1458104